000 00725cam a22001814a 4500
005 20250605164353.0
008 250528s ||||||||||||||||||||||||d
035 _a24181
040 _aGR-AtMCL
_bgre
_dGR-AtMCL
_eAACR2
245 1 _aEuropean Railway Review / Celebrating over 20 Years of Working Together in Rail
260 _bEuropean Railway Review,
_c2015
300 _a62
520 _aOnwards and Upwards, The PWI: A Catalyst for Rail Industry Improvement, Delivering the Digital Railway, How Britain's New 'Workshop on Wheels' will Revolutionise Track Maintenance, GTR - A Francise Formed to Transform Passenger Services.
700 1 _aWaters Craig
_99421
942 _cCR
999 _c9076
_d9076